| 000 | 00501nam a2200181Ia 4500 | ||
|---|---|---|---|
| 008 | 230917s9999||||xx |||||||||||||| ||und|| | ||
| 020 | _cRS495 | ||
| 040 |
_e223193 _aMAIN |
||
| 041 | _aEnglish | ||
| 082 | _a658.4092 O 2 L (2) | ||
| 100 | _aOwen,Jo | ||
| 245 | 0 | _aLeadership skills handbook:50 essential skills you need to be a leader. | |
| 250 | _a2 ed. | ||
| 260 |
_aLondon _bKogan Page _c2012 |
||
| 300 | _aVii,256 p. | ||
| 500 | _a1868 20/01/2015 TB1028 29/01/2015 Main Budget | ||
| 942 | _cBK | ||
| 999 |
_c13894 _d13894 |
||